Municipalities of Atlantic County - Statistics

General Stats
  • This quiz has been taken 76 times
  • The average score is 13 of 23
Answers on the Map
Answers color-coded by a green-red scale on the quiz's map according to % correct below.
 
Answer Stats
Municipality % Correct
Atlantic City
98%
Egg Harbor Township
83%
Ventnor City
73%
Absecon
71%
Hammonton
69%
Margate City
69%
Brigantine
63%
Galloway Township
63%
Egg Harbor City
58%
Pleasantville
58%
Hamilton Township
56%
Longport
56%
Buena
52%
Somers Point
52%
Buena Vista Township
48%
Linwood
48%
Northfield
48%
Mullica Township
46%
Estell Manor
42%
Corbin City
40%
Port Republic
40%
Folsom
35%
Weymouth Township
33%
No matching quizzes found
Score Distribution
Percent of People with Each Score
Percentile by Number Answered
Your Score History
You have not taken this quiz